Loading...

Vyakthithvavikasanam/

Bibliografiske detaljer
Hovedforfatter: Vargheses P A
Format: Printed Book
Udgivet: Kottayam: Sahitya Pravarthaka Sahakarana Samkham, 2016.
Fag:
LEADER 00572nam a22001577a 4500
020 |a 9780000306623 
082 |a M 155.25  |b VAR/V 
100 |a Vargheses P A  |9 7607 
245 |a Vyakthithvavikasanam/  |c by P A Varghese. 
260 |a Kottayam:  |b Sahitya Pravarthaka Sahakarana Samkham,  |c 2016. 
300 |a 107p. 
650 |a Personality Development  |9 7608 
650 |a Psychology  |9 7609 
942 |c BK 
999 |c 63744  |d 63744 
952 |0 0  |1 0  |4 0  |6 M_155_250000000000000_VAR_V  |7 0  |9 85137  |a SSUS  |b SSUS  |c STACKS  |d 2016-12-09  |g 90.00  |l 1  |o M 155.25 VAR/V  |p 082855  |r 2017-08-31  |s 2017-08-14  |w 2016-12-09  |y BK